Afghanistan : Joint Staff Advisory Note.

This Joint Staff Advisory Note discusses Afghanistan's Poverty Reduction Strategy Paper's annual progress report. Afghanistan has experienced a number of extraordinary challenges that delayed its implementation. The security situation deteriorated markedly and has been dominated by the cro...

Повний опис

Бібліографічні деталі
Співавтор: International Monetary Fund
Формат: Журнал
Мова:English
Опубліковано: Washington, D.C. : International Monetary Fund, 2010.
Серія:IMF Staff Country Reports; Country Report ; No. 2010/039
Онлайн доступ:Full text available on IMF
LEADER 01667cas a2200241 a 4500
001 AALejournalIMF006285
008 230101c9999 xx r poo 0 0eng d
020 |c 5.00 USD 
020 |z 9781451800449 
022 |a 1934-7685 
040 |a BD-DhAAL  |c BD-DhAAL 
110 2 |a International Monetary Fund. 
245 1 0 |a Afghanistan :   |b Joint Staff Advisory Note. 
264 1 |a Washington, D.C. :  |b International Monetary Fund,  |c 2010. 
300 |a 1 online resource (15 pages) 
490 1 |a IMF Staff Country Reports 
500 |a <strong>Off-Campus Access:</strong> No User ID or Password Required 
500 |a <strong>On-Campus Access:</strong> No User ID or Password Required 
506 |a Electronic access restricted to authorized BRAC University faculty, staff and students 
520 3 |a This Joint Staff Advisory Note discusses Afghanistan's Poverty Reduction Strategy Paper's annual progress report. Afghanistan has experienced a number of extraordinary challenges that delayed its implementation. The security situation deteriorated markedly and has been dominated by the cross-border Taliban insurgency. Growth started to recover from a devastating drought. In May 2008, food and fuel prices peaked, leading to high inflation and pressure on the budget for additional fuel and food subsidies. These threats to macroeconomic stability have been accompanied by a period of political uncertainty for Afghanistan's leadership. 
538 |a Mode of access: Internet 
830 0 |a IMF Staff Country Reports; Country Report ;  |v No. 2010/039 
856 4 0 |z Full text available on IMF  |u http://elibrary.imf.org/view/journals/002/2010/039/002.2010.issue-039-en.xml  |z IMF e-Library